| 000 | 00722cam a2200265 i 4500 | ||
|---|---|---|---|
| 001 | 2309303 | ||
| 005 | 20240325023031.0 | ||
| 008 | 810102s1978 enkabcf b 001 0 eng | ||
| 020 | _a086068007X : | ||
| 020 | _a0860680088 (pbk.) | ||
| 040 |
_aDLC _cDLC _dDLC |
||
| 082 | 0 | 0 |
_a324.623. _219 _bONE. |
| 100 | 1 | _aLiddington, Jill, | |
| 245 | 1 | 0 |
_aOne hand tied behind us : _bthe rise of the women's suffrage movement / _c Jill Liddington, Jill Norris. |
| 250 | _a1st. | ||
| 260 |
_aLondon : _bVirago, _c1978. |
||
| 300 | _a304 p., | ||
| 500 | _aIncludes index. | ||
| 650 | 0 | _aWomen's rights | |
| 650 | 0 | _aRadicalism | |
| 650 | 0 | _aWomen | |
| 650 | 0 | _aWomen labor union members | |
| 700 | 1 | _aNorris, Jill, | |
| 942 | _cL | ||
| 999 |
_c608 _d608 |
||